000
00262nam a2200097Ia 4500
001
915974
005
20250826185844.0
008
250824s9999 xx 000 0 und d
245
0
_a
PERİLER EMPATİYİ ANLATIYOR
_c
ROSE M CURTO
260
_b
BİNBİR ÇİÇEK YAYINLARI
999
_c
915974
_d
915974